000 00257nam a2200109Ia 4500
008 190216s9999||||xx |||||||||||||| ||und||
100 _aAchutha Menon C
245 0 _aSmaranayude Edugal
260 _bPrabhath Book House
650 _aSmaranakal
942 _cBK
999 _c26654
_d26654